Science Quiz

Random Science or Elements Quiz

Chemical Element Border Blitz Quiz Stats

 Plays Quiz Updated Nov 30, 2016

Challenge
Share
Tweet
Embed
Score 0/118 Timer 05:00
4 Plays Today
% Correct
fluorine
98.7%
chlorine
97.9%
phosphorus
97.8%
sulfur
97.3%
silver
96.9%
cadmium
96.9%
silicon
96.8%
nitrogen
96.8%
neon
96.7%
palladium
96.5%
aluminum
96.3%
oxygen
95.8%
lithium
95.6%
carbon
95.5%
zinc
95.4%
mercury
95.4%
gold
95.4%
platinum
94.9%
copper
94.7%
bromine
94.5%
hydrogen
94.3%
helium
94.1%
magnesium
94%
nickel
93.8%
sodium
93.6%
indium
93.6%
roentgenium
93.5%
beryllium
93.5%
copernicium
93.1%
boron
93%
calcium
92.9%
argon
92.8%
krypton
92.8%
gallium
92.1%
darmstadtium
92%
germanium
91.4%
potassium
91.2%
iodine
91%
arsenic
90.9%
antimony
90.7%
% Correct
selenium
90.7%
tin
90.4%
rhodium
90.4%
thallium
90.4%
strontium
89.7%
technetium
89.7%
ruthenium
89.3%
bismuth
88%
astatine
88%
scandium
88%
lead
87.8%
xenon
87.6%
iron
87.4%
cobalt
86.7%
radon
86.6%
rubidium
86.4%
yttrium
86.1%
manganese
85.7%
tellurium
84.9%
barium
84.1%
nihonium
83.5%
lanthanum
80.7%
lutetium
80.5%
radium
80.2%
molybdenum
80.1%
moscovium
79.8%
cesium
79.6%
niobium
79.5%
flerovium
78.9%
polonium
78.3%
promethium
76.6%
neptunium
76.6%
zirconium
76.3%
francium
74.8%
actinium
74.8%
lawrencium
74.7%
tennessine
74.4%
praseodymium
73.4%
protactinium
73.4%
chromium
73.2%
% Correct
titanium
72.9%
einsteinium
72.6%
holmium
72.6%
californium
72.5%
dysprosium
72.5%
tantalum
72.3%
neodymium
71.9%
uranium
71.9%
hafnium
71.8%
vanadium
71.6%
rhenium
71.4%
iridium
71.4%
americium
71.2%
europium
71.2%
oganesson
70.1%
tungsten
69.8%
samarium
69.2%
plutonium
69.2%
fermium
68.9%
erbium
68.9%
dubnium
68.4%
bohrium
68.3%
seaborgium
66.6%
rutherfordium
65.4%
livermorium
63.4%
osmium
63.3%
curium
61.4%
gadolinium
61.4%
berkelium
61.4%
terbium
61.4%
meitnerium
59.3%
hassium
58.1%
nobelium
56.7%
ytterbium
56.7%
mendelevium
54.7%
thulium
54.7%
cerium
53.7%
thorium
53.7%

You're not logged in!

Compare scores with friends on all Sporcle quizzes.
OR
Log In

You Might Also Like...

Show Comments

Extras

Top Quizzes Today


Score Distribution

Your Account Isn't Verified!

In order to create a playlist on Sporcle, you need to verify the email address you used during registration. Go to your Sporcle Settings to finish the process.

Report this User

Report this user for behavior that violates our Community Guidelines.

Details: